Elementos de trigonometría rectilínea y breves apuntes sobre trigonometría esférica y analítica / (Record no. 19006)

MARC details
000 -CABECERA
campo de control de longitud fija 00669nam a2200193 a 4500
005 - FECHA Y HORA DE LA ÚLTIMA TRANSACCIÓN
campo de control 20210219150657.0
008 - ELEMENTOS DE LONGITUD FIJA--INFORMACIÓN GENERAL
campo de control de longitud fija 991125s1945 mx 000 0 spa u
035 ## - NÚMERO DE CONTROL DEL SISTEMA
Número de control de sistema UPN01000019006
049 ## - COLECCIÓN
Colección CG
050 #4 - SIGNATURA TOPOGRÁFICA DE LA BIBLIOTECA DEL CONGRESO
Número de clasificación QA533
Número de documento/Ítem A6.3 1945
100 1# - ASIENTO PRINCIPAL--NOMBRE PERSONAL
Nombre de persona Anguiano, Manuel
245 10 - MENCIÓN DE TÍTULO
Título Elementos de trigonometría rectilínea y breves apuntes sobre trigonometría esférica y analítica /
Mención de responsabilidad, etc. por Manuel Anguiano.
250 ## - MENCIÓN DE EDICIÓN
Mención de edición 3a ed.
260 ## - PUBLICACIÓN, DISTRIBUCIÓN, ETC.
Lugar de publicación, distribución, etc. Ciudad Juárez, Chih. :
Nombre del editor, distribuidor, etc. Anguiano,
Fecha de publicación, distribución, etc. 1945.
300 ## - DESCRIPCIÓN FÍSICA
Extensión 156 p. :
Otras características físicas il.
500 ## - NOTA GENERAL
Nota general Título de la cubierta: Matemáticas elementales : trigonometría
650 #4 - ASIENTO SECUNDARIO DE MATERIA - TERMINO TEMATICO
Término de materia o nombre geográfico como elemento de entrada TRIGONOMETRIA PLANA -
Subdivisión general ESTUDIO Y ENSEÑANZA
905 ## - TIPO DE MATERIAL
Tipo de material Libro
Holdings
Estado de retiro Estado de pérdida Fuente del sistema de clasificación o colocación Estado dañado No para préstamo Código de colección Localización permanente Ubicación/localización actual Ubicación en estantería Total de préstamos Clasificación Código de barras Fecha visto por última vez Número de copia Tipo de ítem Koha
    Library of Congress Classification     Colección General Bib. Gregorio Torres Quintero Bib. Gregorio Torres Quintero Planta baja   QA533 A6.3 1945 47159 31/12/2020 1 Libro